<?xml version="1.0" encoding="UTF-8"?><?xml-stylesheet type="text/xsl" href="static/style.xsl"?><OAI-PMH xmlns="http://www.openarchives.org/OAI/2.0/" xmlns:xsi="http://www.w3.org/2001/XMLSchema-instance" xsi:schemaLocation="http://www.openarchives.org/OAI/2.0/ http://www.openarchives.org/OAI/2.0/OAI-PMH.xsd"><responseDate>2026-04-13T02:51:16Z</responseDate><request verb="GetRecord" identifier="oai:www.recercat.cat:2117/188491" metadataPrefix="marc">https://recercat.cat/oai/request</request><GetRecord><record><header><identifier>oai:recercat.cat:2117/188491</identifier><datestamp>2025-07-22T14:41:28Z</datestamp><setSpec>com_2072_1033</setSpec><setSpec>col_2072_452951</setSpec></header><metadata><record xmlns="http://www.loc.gov/MARC21/slim" xmlns:dcterms="http://purl.org/dc/terms/" xmlns:xsi="http://www.w3.org/2001/XMLSchema-instance" xmlns:doc="http://www.lyncode.com/xoai" xsi:schemaLocation="http://www.loc.gov/MARC21/slim http://www.loc.gov/standards/marcxml/schema/MARC21slim.xsd">
   <leader>00925njm 22002777a 4500</leader>
   <datafield ind2=" " ind1=" " tag="042">
      <subfield code="a">dc</subfield>
   </datafield>
   <datafield ind2=" " ind1=" " tag="720">
      <subfield code="a">Torné Cura, Marta</subfield>
      <subfield code="e">author</subfield>
   </datafield>
   <datafield ind2=" " ind1=" " tag="720">
      <subfield code="a">Medel Molero, Carles</subfield>
      <subfield code="e">author</subfield>
   </datafield>
   <datafield ind2=" " ind1=" " tag="260">
      <subfield code="c">2008-10</subfield>
   </datafield>
   <datafield ind2=" " ind1=" " tag="520">
      <subfield code="a">El projecte que aquí es desenvolupa es refereix a una antiga fàbrica de filats del terme municipal de Manresa, que es troba dins la comarca del Bages i que és propietat de l’Ajuntament de Manresa. L’objectiu que es planteja és rehabilitar‐la, reformar‐la i canviar‐la d’ús per tal de convertir aquesta en un establiment d’ús administratiu, des del qual, es donarà servei a la nova seu del Col.legi d’Arquitectes de Manresa, però que alhora servirà com a espai per a seminaris, conferencies, exposicions, ... gràcies a la multitud d’espais diàfans que es projectaràn dins la nau. No oblidem, però, la importànicia de l’edifici dins el marc històric de la ciutat i del país, ja que es tracta de la fàbrica mes antiga de tot Espanya i que conserva les propietats originals. Es per aquest motiu que val la pena arreglar‐ne el seu entorn i fer‐ne còmodes passeigs de cara al Riu Cardener.&#xd;
És previst, també, proporcionar a l’edifici els mitjans possibles per respectar el medi ambient, estudiant instal∙lacions d’energies alternatives com l’energia solar tèrmica i fotovoltàica, entre d’altres, o l’aprofitament de les aigües de la pluja, reutilitzades per reg.</subfield>
   </datafield>
   <datafield tag="653" ind2=" " ind1=" ">
      <subfield code="a">Àrees temàtiques de la UPC::Edificació::Rehabilitació d'edificis</subfield>
   </datafield>
   <datafield tag="653" ind2=" " ind1=" ">
      <subfield code="a">Historic preservation</subfield>
   </datafield>
   <datafield tag="653" ind2=" " ind1=" ">
      <subfield code="a">Buildings - Repair and reconstruction</subfield>
   </datafield>
   <datafield tag="653" ind2=" " ind1=" ">
      <subfield code="a">Textile factories</subfield>
   </datafield>
   <datafield tag="653" ind2=" " ind1=" ">
      <subfield code="a">Patrimoni històric -- Protecció -- Catalunya -- Manresa</subfield>
   </datafield>
   <datafield tag="653" ind2=" " ind1=" ">
      <subfield code="a">Edificis -- Remodelació -- Catalunya -- Manresa</subfield>
   </datafield>
   <datafield tag="653" ind2=" " ind1=" ">
      <subfield code="a">Fàbriques de teixits - Catalunya -- Manresa</subfield>
   </datafield>
   <datafield tag="653" ind2=" " ind1=" ">
      <subfield code="a">Els Panyos (Manresa, Catalunya)</subfield>
   </datafield>
   <datafield ind2="0" ind1="0" tag="245">
      <subfield code="a">Projecte de reforma i canvi d'ús de l'antiga fàbrica tèxtil "Els Panyos"</subfield>
   </datafield>
</record></metadata></record></GetRecord></OAI-PMH>